Szczegóły MARC21

Wielki słownik francusko-polski T.1, A - L /

005 -DATA I CZAS OSTATNIEJ MODYFIKACJI [,]
    • @
    • pole kontrolne
    • 20070315155141.9
040 -Instytucja sporządzająca opis [ , ]
    • a
    • Instytucja, która sporządziła opis (NP)
    • SZCZ U
    • c
    • Instytucja, która sporządziła rekord (NP)
    • SZCZ U
942 -Rodzaj dokumentu [ , ]
    • c
    • Rodzaj dokumentu
    • Książka
245 -Strefa tytułu i oznaczenia odpowiedzialności [0, ]
    • a
    • Tytuł
    • Wielki słownik francusko-polski Find
    • n
    • Oznaczenie części (P)
    • T.1,
    • p
    • Nazwa części (P)
    • A - L /
    • c
    • Pozostałe elementy strefy tytułu i oznaczenia odpowiedzialności (NP)
    • [oprac. Stefania Ciesielska-Borkowska i in.] ; [red. Jerzy Dobrzynskii in.].
250 -Strefa wydania [ , ]
    • a
    • Oznaczenie wydania (NP)
    • [Wyd.5].
260 -Strefa adresu wydawniczego [ , ]
    • a
    • Miejsce wydania (P)
    • Warszawa :
    • b
    • Nazwa wydawcy (P)
    • "Wiedza Powszechna",
    • c
    • Data wydania (P)
    • 1996.
300 -Strefa opisu fizycznego [ , ]
    • a
    • Określenie formy książki i/lub objętość (NP)
    • XV,1048 s :
    • c
    • Format (NP)
    • 24 cm.
080 -Uniwersalna Klasyfikacja Dziesiętna [ , ]
    • a
    • Symbol klasyfikacji
    • 804.0::808.4-3=40=84
980 -Symbol UKD [ , ]
    • a
    • UKD
    • 804.0::808.4-3=40=84
Data inwentaryzacji Lokalizacja Sygnatura Numer inwentarzowy Status udost.
2000-06-12BGZ.95993Z.959931